|
|
|
|
| LEADER |
00000nam a2200000Ii 4500 |
| 001 |
DIGINTRMED0019 |
| 003 |
NyNyDIG |
| 008 |
230721s2013 ck o 000 f spa d |
| 006 |
m o d |
| 007 |
cr ||||||||||| |
| 035 |
|
|
|a (OCoLC)1391272887
|
| 040 |
|
|
|a DGITA
|b eng
|e rda
|e pn
|c DGITA
|
| 020 |
|
|
|a 9789587572919
|q eBook
|
| 050 |
1 |
4 |
|a PQ8180.13.O47 ebook
|
| 100 |
1 |
|
|a Colorado Grisales, Gustavo,
|e author.
|
| 245 |
1 |
0 |
|a Crónicas del diablo /
|c Gustavo Colorado Grisales.
|
| 250 |
|
|
|a Primera edición.
|
| 264 |
|
1 |
|a Bogotá, Colombia :
|b Intermedio Editores,
|c [2013]
|
| 300 |
|
|
|a 1 online resource.
|
| 336 |
|
|
|a text
|b txt
|2 rdacontent
|
| 337 |
|
|
|a computer
|b c
|2 rdamedia
|
| 338 |
|
|
|a online resource
|b cr
|2 rdacarrier
|
| 347 |
|
|
|a text file
|2 rdaft
|
| 347 |
|
|
|b EPUB
|
| 588 |
0 |
|
|a Online resource; title from ePub title page (Digitalia, viewed July 21, 2023)
|
| 655 |
|
7 |
|a Fiction.
|2 lcgft
|
| 791 |
2 |
|
|a Digitalia (Firm),
|e distributor.
|
| 793 |
0 |
|
|g Digitalia eBook Collection:
|a Intermedio Editores
|
| 856 |
4 |
0 |
|3 Digitalia Hispánica
|u https://www.digitaliapublishing.com/a/52324/
|
| 910 |
|
|
|a Premium collection: 2023
|